<?xml-stylesheet type="text/xsl" href="MARC21slim2English.xsl"?>
<collection><record><leader>03051nqda 2200517   4500</leader><controlfield tag="005">20030619113459.0</controlfield><controlfield tag="008">980701i18441847nz |||||      |00 ||||| d</controlfield><datafield ind1=" " ind2=" " tag="016"><subfield code="a">urn:nbn:nz:wtu:PUBL-0014-59</subfield></datafield><datafield ind1="8" ind2=" " tag="024"><subfield code="a">hdl:1727.11/20847</subfield></datafield><datafield ind1=" " ind2=" " tag="035"><subfield code="9">tap:447539</subfield></datafield><datafield ind1=" " ind2=" " tag="040"><subfield code="a">WTU</subfield></datafield><datafield ind1=" " ind2=" " tag="040"><subfield code="e">rad</subfield></datafield><datafield ind1=" " ind2=" " tag="084"><subfield code="a">PUBL-0014-59</subfield></datafield><datafield ind1=" " ind2=" " tag="084"><subfield code="b">iid:20847</subfield></datafield><datafield ind1="0" ind2="0" tag="245"><subfield code="a">Angas, George French, 1822-1886 :Domestic sketches.  George French Angas [delt]; J. W. Giles [lith].  Plate 59, 1847.</subfield><subfield code="n">PUBL-0014-59</subfield></datafield><datafield ind1=" " ind2=" " tag="246"><subfield code="a">Domestic ecomony. Women making mats etc.</subfield></datafield><datafield ind1=" " ind2=" " tag="300"><subfield code="a">1 colour art print(s)</subfield></datafield><datafield ind1=" " ind2=" " tag="300"><subfield code="b">Tinted lithograph, hand-coloured  550 x 360 mm</subfield></datafield><datafield ind1=" " ind2=" " tag="340"><subfield code="a">Single art work</subfield></datafield><datafield ind1=" " ind2=" " tag="351"><subfield code="c">Item</subfield></datafield><datafield ind1=" " ind2="0" tag="440"><subfield code="a">Angas, George French  1822-1886 :The New Zealanders Illustrated.  London, Thomas McLean, 1847.</subfield><subfield code="n">PUBL-0014</subfield></datafield><datafield ind1=" " ind2=" " tag="500"><subfield code="a">Angas visited New Zealand in 1844</subfield></datafield><datafield ind1=" " ind2=" " tag="506"><subfield code="a">Partial restriction - Use copy in preference to original.</subfield></datafield><datafield ind1="8" ind2=" " tag="520"><subfield code="a">A group of scenes inside a pa with explanatory text on the opposite page, paraphrased as follows: 1.[Top centre] A sketch a Kaitote on the Waikato showing a cooking house with a couple of elderly women, seated on the ground outside, performing the hongi. 2. [Top left] An aged woman of Te Mutu making a basket of the leaves of the tawara (Freycinetia Banksii). 3. [Top right] A slave woman preparing potatoes by scraping them with a mussel shell. 4. [Centre] Interior of a house at Rangihaeata's pa at Porirua, with women engaged in manufacturing flax garments. 5. [Bottom left] Tangi or crying of welcome; also Hongi detail on the right. Both sketches from life, were made near Taupiri, on the Waikato River.</subfield></datafield><datafield ind1=" " ind2=" " tag="533"><subfield code="a">File Print</subfield><subfield code="n">In Drawings &amp; Prints under Artist/Title </subfield><subfield code="f">(DFP-004873)</subfield></datafield><datafield ind1=" " ind2=" " tag="580"><subfield code="a">PART OF COLLECTION</subfield></datafield><datafield ind1="8" ind2=" " tag="581"><subfield code="a">From: The New Zealanders Illustrated by G. F. Angas.  London, 1847. plate 59</subfield></datafield><datafield ind1="2" ind2=" " tag="648"><subfield code="a">1844</subfield></datafield><datafield ind1="2" ind2=" " tag="648"><subfield code="a">1847</subfield></datafield><datafield ind1=" " ind2="4" tag="650"><subfield code="a">Maori - Pa - New Zealand - Waikato Region</subfield><subfield code="3">tap:125752</subfield></datafield><datafield ind1=" " ind2="4" tag="650"><subfield code="a">Maori - Food</subfield><subfield code="3">tap:160425</subfield></datafield><datafield ind1=" " ind2="4" tag="650"><subfield code="a">Maori - Food containers</subfield><subfield code="3">tap:398364</subfield></datafield><datafield ind1=" " ind2="4" tag="650"><subfield code="a">Maori - Weaving</subfield><subfield code="3">tap:7783</subfield></datafield><datafield ind1=" " ind2="4" tag="650"><subfield code="a">Wood-carving, Maori</subfield><subfield code="3">tap:7782</subfield></datafield><datafield ind1=" " ind2="4" tag="650"><subfield code="a">Maori - Social life and customs</subfield><subfield code="3">tap:50</subfield></datafield><datafield ind1=" " ind2="4" tag="650"><subfield code="a">Maori - Pa - New Zealand - Wellington Region</subfield><subfield code="3">tap:104985</subfield></datafield><datafield ind1=" " ind2="4" tag="651"><subfield code="a">Plimmerton</subfield><subfield code="3">tap:84074</subfield></datafield><datafield ind1=" " ind2="4" tag="651"><subfield code="a">Taupiri</subfield><subfield code="3">tap:90900</subfield></datafield><datafield ind1=" " ind2="4" tag="655"><subfield code="a">Lithographs</subfield><subfield code="3">tap:68562</subfield></datafield><datafield ind1="1" ind2=" " tag="700"><subfield code="a">Giles, J W  fl 1847</subfield><subfield code="e"> (as the lithographer)</subfield><subfield code="3">tap:141659</subfield></datafield><datafield ind1="1" ind2="8" tag="772"><subfield code="t">Angas, George French  1822-1886 :The New Zealanders Illustrated.  London, Thomas McLean, 1847.</subfield><subfield code="w">PUBL-0014</subfield></datafield><datafield ind1=" " ind2=" " tag="850"><subfield code="a">Alexander Turnbull Library, Wellington, New Zealand</subfield></datafield><datafield ind1="8" ind2=" " tag="852"><subfield code="b">Drawings and Prints Collection</subfield><subfield code="h">PUBL-0014-59</subfield></datafield><datafield ind1="4" ind2="1" tag="856"><subfield code="u">http://digital.natlib.govt.nz/get/20847?profile=thumb</subfield><subfield code="x">Thumbnail</subfield><subfield code="y">Thumbnail for resource</subfield></datafield><datafield ind1="4" ind2="1" tag="856"><subfield code="u">http://digital.natlib.govt.nz/get/20847?profile=access</subfield><subfield code="x">AccessFormat</subfield><subfield code="y">Link to electronic resource</subfield></datafield><datafield ind1="4" ind2="1" tag="856"><subfield code="u">http://digital.natlib.govt.nz/get/20847?role=PM</subfield><subfield code="x">Preservation</subfield><subfield code="y">Link to preservation copy [restricted access]</subfield></datafield></record></collection>